J. M. Nattier 1685-1766
Uloženo v:
| Hlavní autor: | |
|---|---|
| Médium: | Kniha |
| Jazyk: | francouzština |
| Vydáno: |
París
Pierre Lafitte
1900
|
| Edice: | <Les >Peintres Illustres
|
| Témata: | |
| Tagy: |
Přidat tag
Žádné tagy, Buďte první, kdo vytvoří štítek k tomuto záznamu!
|
MARC
| LEADER | 00000nam a2200000 a 4500 | ||
|---|---|---|---|
| 001 | UCY9785 | ||
| 003 | CL-VaPUC | ||
| 008 | 950720e19000000FR |||||||||||||||||fre|d | ||
| 082 | 0 | 4 | |a 759.4 |b NAT |2 21 |
| 100 | 0 | |a Nattier, Jean Marc |e author |9 342335 | |
| 245 | 1 | 0 | |a J. M. Nattier 1685-1766 |
| 300 | |a 80 p | ||
| 942 | |c BK | ||
| 945 | |d 19950720 00:00:00 |a rbrito | ||
| 260 | |a París |b Pierre Lafitte |c 1900 | ||
| 600 | 0 | |a Nattier, Jean Marc, |d 1685-1766 |9 342336 | |
| 650 | 7 | |a PINTURA FRANCESA SIGLO 18 |2 CL-VaPUC |9 317880 | |
| 650 | 0 | |a Pintores franceses |9 340354 | |
| 583 | |a last modification |c 20160817 05:30:35 |k Rodrigo Vera | ||
| 490 | 0 | |a <Les >Peintres Illustres | |
| 999 | |c 236823 |d 236821 | ||
| 952 | |0 0 |1 0 |2 ddc |4 0 |6 759_400000000000000_NAT_1900 |7 0 |8 A |9 245159 |a BIBART |b BIBART |d 2019-11-18 |i 3100650 |o 759.4 NAT 1900 |p 3100650 |r 2019-11-18 |w 2019-11-18 |y BK |k ART | ||